| 000 | 00474nam a2200193Ia 4500 | ||
|---|---|---|---|
| 005 | 20240823041057.0 | ||
| 008 | 240823s9999||||xx |||||||||||||| ||und|| | ||
| 041 | _aENGLISH | ||
| 082 | _A650.01513 N2 | ||
| 100 | _aNag N K | ||
| 245 | 0 | _aBusiness Mathematics and Statistics | |
| 250 | _a1st | ||
| 260 |
_c1992 _b"Kalyani,New Delhi" |
||
| 500 | _aYES | ||
| 650 |
_aBusiness Mathematics _bManagement Studies |
||
| 700 | _a Chanda S C | ||
| 942 | _cBK | ||
| 999 |
_c204632 _d204632 |
||